Statistics for Bible Quotes Quiz #3

Click here to take the quiz!

General Stats

  • This quiz has been taken 37,294 times
    (31,015 since last reset)
  • The average score is 10 of 16

Answer Stats

VerseQuote% Correct
Acts 20:35It is more blessed to give than to {receive}
92%
Matthew 22:39Love thy {neighbour} as thyself
92%
Exodus 5:1Let my {people} go
90%
John 8:32The truth shall make you {free}
82%
John 3:16For God so {loved} {the} {world}, that he gave his only begotten Son
73%
Matthew 15:14And if the {blind} lead the {blind}, both shall fall into the ditch
68%
Matthew 22:14For many are called, but few are {chosen}
68%
Romans 6:23For the wages of sin is {death}
67%
Revelation 21:8And all liars, shall have their part in the lake which burneth with fire and {brimstone}
66%
Genesis 3:19For {dust} thou art, and unto {dust} shalt thou return
63%
Luke 4:8Get thee {behind} me, Satan
54%
Proverbs 16:18{Pride} goeth before destruction
54%
Matthew 19:6What therefore God hath joined together, let not man put {asunder}
52%
Isaiah 40:3The voice of him that crieth in the {wilderness}
41%
Matthew 10:34I came not to send peace, but a {sword}
28%
Genesis 45:18And ye shall eat the {fat} of the land
27%

Score Distribution

Percentile by Number Answered

Percent of People with Each Score

Your Score History

You have not taken this quiz since the last reset